[Event "Balti Hohlov Memorial"]
[Site "Balti"]
[Date "2015.01.05"]
[Round "6"]
[White "Itkis, Boris"]
[Black "Zhadko, Vladimir"]
[Result "1/2-1/2"]
[WhiteElo "2346"]
[BlackElo "2127"]
[PlyCount "62"]
[EventDate "2015.01.02"]
[EventType "tourn"]
[EventRounds "9"]
[EventCountry "MDA"]
[EventCategory "1"]
[SourceTitle "CBM 164 Extra"]
[Source "ChessBase"]
[SourceDate "2015.03.02"]
[SourceVersion "1"]
[SourceVersionDate "2015.03.02"]
[SourceQuality "1"]

1. d4 d6 2. e4 Nf6 3. Nc3 g6 4. f4 Bg7 5. Nf3 0-0 6. Bd3 Nc6 7. 0-0 Bg4 8. e5 dxe5 9. dxe5 Nd5 10. h3 Bxf3 11. Qxf3 e6 12. Be4 Nxc3 13. bxc3 f6 14. Ba3 Rf7 15. Bxc6 bxc6 16. Qxc6 Qe8 17. Qxe8+ Rxe8 18. exf6 Bxf6 19. Bc5 Bxc3 20. Rab1 Ra8 21. Rb7 a5 22. Rf3 Bb4 23. Bxb4 axb4 24. Rxb4 Rxa2 25. Rc3 Ra1+ 26. Kh2 Rd1 27. Rbc4 Rdd7 28. Kg3 Kf8 29. Rc6 Rfe7 30. Kf3 Ke8 31. R6c5 Kd8 1/2-1/2

[Event "Balti Hohlov Memorial"]
[Site "Balti"]
[Date "2015.01.04"]
[Round "5"]
[White "Zhadko, Vladimir"]
[Black "Ianocichin, Victor"]
[Result "1-0"]
[WhiteElo "2127"]
[BlackElo "2152"]
[PlyCount "95"]
[EventDate "2015.01.02"]
[EventType "tourn"]
[EventRounds "9"]
[EventCountry "MDA"]
[EventCategory "1"]
[SourceTitle "CBM 164 Extra"]
[Source "ChessBase"]
[SourceDate "2015.03.02"]
[SourceVersion "1"]
[SourceVersionDate "2015.03.02"]
[SourceQuality "1"]

1. e4 c5 2. Nf3 e6 3. b3 b6 4. Bb2 Bb7 5. Nc3 Nf6 6. e5 Ne4 7. Nxe4 Bxe4 8. Qe2 Bf5 9. Rg1 h5 10. h3 Nc6 11. d3 Rc8 12. a3 b5 13. Qd2 a6 14. g3 Be7 15. h4 Qc7 16. Be2 Nd4 17. Nxd4 cxd4 18. Bxd4 Qxc2 19. Qxc2 Rxc2 20. Kd1 Rc8 21. Kd2 Bg4 22. f3 Bf5 23. Rgc1 0-0 24. Bc3 f6 25. d4 Kf7 26. Bb4 Rc6 27. Rxc6 dxc6 28. Rc1 Rc8 29. Bxe7 Kxe7 30. b4 Kd7 31. Ke3 a5 32. g4 hxg4 33. fxg4 Bg6 34. Bf3 axb4 35. axb4 Be8 36. Ra1 Ke7 37. Ra7+ Kf8 38. exf6 gxf6 39. g5 fxg5 40. hxg5 Bg6 41. Kf4 Kg8 42. Ke5 Bf5 43. Bh5 Rd8 44. Kf6 Rf8+ 45. Bf7+ Kh7 46. Rc7 Bg6 47. Kxe6 Be4 48. Ke5 1-0

[Event "Kishinev op"]
[Site "Kishinev"]
[Date "2014.01.26"]
[Round "9"]
[White "Dergausov, Denis"]
[Black "Zhadko, Vladimir"]
[Result "1-0"]
[WhiteElo "1895"]
[BlackElo "2198"]
[PlyCount "129"]
[EventDate "2014.01.18"]
[EventType "swiss"]
[EventRounds "9"]
[EventCountry "MDA"]
[SourceTitle "EXT 2016"]
[Source "ChessBase"]
[SourceDate "2015.10.08"]
[SourceVersion "1"]
[SourceVersionDate "2015.10.08"]
[SourceQuality "1"]

1. e4 c6 2. d4 d5 3. exd5 cxd5 4. Bd3 Na6 5. c3 Nc7 6. Bf4 Bd7 7. Nf3 e6 8. 0-0 Ne7 9. Re1 Ng6 10. Bg3 Be7 11. Nbd2 0-0 12. h4 Re8 13. h5 Nf8 14. h6 g6 15. Qe2 Rc8 16. Nh2 a6 17. a4 Bg5 18. Ng4 e5 19. Nb3 e4 20. Bc2 Bxg4 21. Qxg4 Bxh6 22. Nc5 f5 23. Qh3 f4 24. Nxb7 Qf6 25. Qxh6 fxg3 26. fxg3 Rb8 27. Rf1 Qg7 28. Qxg7+ Kxg7 29. Nc5 Rxb2 30. Rf2 Re7 31. Bd1 Rb6 32. a5 Rd6 33. Be2 Nfe6 34. Na4 Nd8 35. Nc5 Nde6 36. Na4 e3 37. Rff1 Ng5 38. Nc5 Nce6 39. Nxa6 Ne4 40. Rfc1 Nxg3 41. Bb5 Rb7 42. Rcb1 Nf4 43. Nc5 Nfe2+ 44. Bxe2 Nxe2+ 45. Kh2 Rxb1 46. Rxb1 Nxc3 47. Rb7+ Kf6 48. Kg3 Ne4+ 49. Kf3 Nd2+ 50. Ke2 Kf5 51. a6 Rd8 52. a7 Ra8 53. Rf7+ Kg4 54. Na4 Nb3 55. Kxe3 Na5 56. Nb6 Nc4+ 57. Nxc4 dxc4 58. d5 Kg3 59. Rxh7 g5 60. Rc7 g4 61. d6 c3 62. Kd3 Kxg2 63. d7 g3 64. Rc8 Rxa7 65. d8Q 1-0

[Event "Kishinev op"]
[Site "Kishinev"]
[Date "2014.01.18"]
[Round "1"]
[White "Managadze, Livia"]
[Black "Zhadko, Vladimir"]
[Result "0-1"]
[WhiteElo "1565"]
[BlackElo "2198"]
[PlyCount "68"]
[EventDate "2014.01.18"]
[EventType "swiss"]
[EventRounds "9"]
[EventCountry "MDA"]
[SourceTitle "EXT 2016"]
[Source "ChessBase"]
[SourceDate "2015.10.08"]
[SourceVersion "1"]
[SourceVersionDate "2015.10.08"]
[SourceQuality "1"]

1. e4 c5 2. Nf3 Nc6 3. c3 d5 4. exd5 Qxd5 5. d4 e6 6. Be2 Nf6 7. 0-0 Qd8 8. Re1 Bd7 9. Na3 cxd4 10. cxd4 Bb4 11. Bd2 0-0 12. Nc2 Bxd2 13. Qxd2 Rc8 14. Rad1 Nd5 15. Ne3 Nce7 16. Ne5 Ba4 17. Rc1 Rxc1 18. Rxc1 Nxe3 19. fxe3 f6 20. Nf3 Bc6 21. Qd3 Qd5 22. Qa3 Qe4 23. Re1 Ng6 24. Kf2 Qc2 25. Qc3 Qa4 26. Qc4 Qxc4 27. Bxc4 Re8 28. g3 Kf8 29. Rd1 Ke7 30. Ne1 Bd5 31. Rc1 Rc8 32. b3 b5 33. Bxd5 Rxc1 34. Be4 Ra1 0-1

[Event "Kishinev Ghimpu Memorial op"]
[Site "Kishinev"]
[Date "2012.11.14"]
[Round "9"]
[White "Zhadko, Vladimir"]
[Black "Bulmaga, Irina"]
[Result "1/2-1/2"]
[WhiteElo "2154"]
[BlackElo "2364"]
[PlyCount "73"]
[EventDate "2012.11.09"]
[EventType "swiss"]
[EventRounds "9"]
[EventCountry "MDA"]
[SourceTitle "EXT 2014"]
[Source "ChessBase"]
[SourceDate "2013.11.20"]
[SourceVersion "1"]
[SourceVersionDate "2013.11.20"]
[SourceQuality "1"]

1. e4 c5 2. Nf3 d6 3. d4 cxd4 4. Nxd4 Nf6 5. Nc3 a6 6. Be2 e5 7. Nb3 Be7 8. Be3 Be6 9. g4 h6 10. Nd5 Bxd5 11. exd5 Nbd7 12. Qd3 Nc5 13. Nxc5 dxc5 14. 0-0-0 Bd6 15. Kb1 Rc8 16. c4 e4 17. Qc2 Qe7 18. f4 exf3 19. Bxf3 0-0 20. Bc1 Nd7 21. h4 Ne5 22. Be2 f5 23. g5 f4 24. gxh6 gxh6 25. Rdf1 f3 26. Bd3 Nxd3 27. Qxd3 Qh7 28. Kc2 Rce8 29. Rhg1+ Kh8 30. Bd2 Qxd3+ 31. Kxd3 Kh7 32. h5 f2 33. Rg6 Rf3+ 34. Kc2 Bf4 35. Bc3 Be5 36. Kd2 Bxc3+ 37. bxc3 1/2-1/2

[Event "Kishinev Ghimpu Memorial op"]
[Site "Kishinev"]
[Date "2012.11.13"]
[Round "8"]
[White "Vavric, Pavel"]
[Black "Zhadko, Vladimir"]
[Result "1/2-1/2"]
[WhiteElo "2213"]
[BlackElo "2154"]
[PlyCount "22"]
[EventDate "2012.11.09"]
[EventType "swiss"]
[EventRounds "9"]
[EventCountry "MDA"]
[SourceTitle "EXT 2014"]
[Source "ChessBase"]
[SourceDate "2013.11.20"]
[SourceVersion "1"]
[SourceVersionDate "2013.11.20"]
[SourceQuality "1"]

1. e4 e5 2. Nf3 Nf6 3. Nxe5 d6 4. Nf3 Nxe4 5. Qe2 Qe7 6. d3 Nf6 7. Bg5 Qxe2+ 8. Bxe2 Be7 9. Nc3 h6 10. Bh4 c6 11. 0-0-0 g5 1/2-1/2

[Event "Kishinev Ghimpu Memorial op"]
[Site "Kishinev"]
[Date "2012.11.12"]
[Round "6"]
[White "Ursu, Ana Maria"]
[Black "Zhadko, Vladimir"]
[Result "0-1"]
[WhiteElo "1865"]
[BlackElo "2154"]
[PlyCount "68"]
[EventDate "2012.11.09"]
[EventType "swiss"]
[EventRounds "9"]
[EventCountry "MDA"]
[SourceTitle "EXT 2014"]
[Source "ChessBase"]
[SourceDate "2013.11.20"]
[SourceVersion "1"]
[SourceVersionDate "2013.11.20"]
[SourceQuality "1"]

1. c4 d6 2. Nf3 Bg4 3. e3 c6 4. d4 e6 5. Be2 Nd7 6. Nc3 d5 7. c5 f5 8. b4 Ngf6 9. Ng5 Bxe2 10. Nxe2 e5 11. Ne6 Qc8 12. Qc2 g6 13. Bb2 e4 14. a4 Bh6 15. h4 Nh5 16. g3 Ndf6 17. N2f4 Kf7 18. Ng5+ Bxg5 19. hxg5 Nxf4 20. gxf4 Ng4 21. Ke2 h6 22. gxh6 Qd7 23. Qb3 a6 24. h7 Ke6 25. Rh4 Nf6 26. Rah1 Raf8 27. a5 Rf7 28. Qd1 Rfxh7 29. Rxh7 Rxh7 30. Qg1 Rh5 31. Rxh5 gxh5 32. Qg5 Qh7 33. Qh4 Qg6 34. Bc3 Qg1 0-1

[Event "Kishinev Ghimpu Memorial op"]
[Site "Kishinev"]
[Date "2012.11.12"]
[Round "5"]
[White "Zhadko, Vladimir"]
[Black "Romcovici, Victor"]
[Result "0-1"]
[WhiteElo "2154"]
[BlackElo "2159"]
[PlyCount "68"]
[EventDate "2012.11.09"]
[EventType "swiss"]
[EventRounds "9"]
[EventCountry "MDA"]
[SourceTitle "EXT 2014"]
[Source "ChessBase"]
[SourceDate "2013.11.20"]
[SourceVersion "1"]
[SourceVersionDate "2013.11.20"]
[SourceQuality "1"]

1. e4 c6 2. Nf3 g6 3. d4 Bg7 4. c3 d5 5. Bd3 dxe4 6. Bxe4 Nf6 7. Bc2 Bg4 8. Nbd2 0-0 9. h3 Bxf3 10. Nxf3 Nbd7 11. 0-0 Qc7 12. Re1 Rfe8 13. Bb3 e6 14. g3 c5 15. Bf4 Qc6 16. c4 Nh5 17. Ba4 Qc8 18. Bd6 cxd4 19. g4 Nhf6 20. Qxd4 Rd8 21. Qf4 Nc5 22. Bc2 Ne8 23. Be5 f6 24. Bc3 e5 25. Qe3 Ne6 26. Rad1 Nf4 27. Rxd8 Qxd8 28. Nh4 Qc7 29. Ng2 Bh6 30. Nxf4 Bxf4 31. Qf3 Kg7 32. Rd1 Nd6 33. Qd5 Rd8 34. Be4 Nf7 0-1

[Event "Chebanenco Memorial"]
[Site "Kishinev"]
[Date "2009.02.07"]
[Round "10"]
[White "Romcovici, Victor"]
[Black "Zhadko, Vladimir"]
[Result "1-0"]
[WhiteElo "2230"]
[BlackElo "2220"]
[PlyCount "123"]
[EventDate "2009.01.30"]
[EventType "tourn"]
[EventRounds "11"]
[EventCountry "MDA"]
[EventCategory "1"]
[SourceTitle "EXT 2010"]
[Source "ChessBase"]
[SourceDate "2010.11.25"]
[SourceVersion "1"]
[SourceVersionDate "2010.11.25"]
[SourceQuality "1"]

1. e4 e6 2. f4 Ne7 3. Nf3 d5 4. Nc3 dxe4 5. Nxe4 Nf5 6. d4 Be7 7. c3 0-0 8. Bd3 Nd7 9. g4 Nh4 10. Nxh4 Bxh4+ 11. Ng3 h5 12. gxh5 Nf6 13. Rg1 c5 14. Be3 Nd5 15. Bd2 cxd4 16. c4 Ne3 17. Qe2 f5 18. Bxe3 dxe3 19. Qxe3 e5 20. Rd1 e4 21. Bb1 Qf6 22. Rg2 Be6 23. b3 Bf7 24. Kf1 Rad8 25. Bc2 Bxg3 26. hxg3 Bxh5 27. Rdd2 Bg4 28. Rh2 a5 29. c5 Rfe8 30. b4 Kf7 31. bxa5 Kg6 32. Rh4 Bf3 33. Rhh2 Rh8 34. Rxh8 Qa1+ 35. Qe1 Qxe1+ 36. Kxe1 Rxh8 37. Rd6+ Kh5 38. Kf2 g5 39. fxg5 Kg4 40. g6 f4 41. gxf4 Kxf4 42. Rf6+ Ke5 43. Rxf3 exf3 44. Kxf3 Rh3+ 45. Kg2 Rh5 46. Kg3 Rg5+ 47. Kf3 Kf6 48. a6 bxa6 49. c6 Ra5 50. a4 Rc5 51. Be4 Rc3+ 52. Ke2 a5 53. Kd2 Rc5 54. Kd3 Ke7 55. Kd4 Kd6 56. Bf3 Rc1 57. Ke3 Ke6 58. Kf4 Kf6 59. Bd5 Rc3 60. g7 Kxg7 61. Ke5 Kf8 62. Kd6 1-0

[Event "Chebanenco Memorial"]
[Site "Kishinev"]
[Date "2009.02.06"]
[Round "9"]
[White "Zhadko, Vladimir"]
[Black "Iakymov, Volodymyr"]
[Result "0-1"]
[WhiteElo "2220"]
[BlackElo "2442"]
[PlyCount "100"]
[EventDate "2009.01.30"]
[EventType "tourn"]
[EventRounds "11"]
[EventCountry "MDA"]
[EventCategory "1"]
[SourceTitle "EXT 2010"]
[Source "ChessBase"]
[SourceDate "2010.11.25"]
[SourceVersion "1"]
[SourceVersionDate "2010.11.25"]
[SourceQuality "1"]

1. e4 e5 2. Nf3 Nf6 3. Nxe5 d6 4. Nf3 Nxe4 5. d3 Nf6 6. d4 d5 7. Bg5 Be7 8. Bd3 Bg4 9. 0-0 0-0 10. Nbd2 Nbd7 11. c3 c5 12. Qb1 c4 13. Bc2 h6 14. Be3 Bd6 15. h3 Be6 16. Re1 Re8 17. b3 b5 18. a4 b4 19. cxb4 Bxb4 20. Rc1 c3 21. Nf1 Ne4 22. Ne1 Nd2 23. Bh7+ Kh8 24. Qc2 Nxf1 25. Kxf1 Qf6 26. Bd3 Bxh3 27. Qe2 Bf5 28. a5 Qh4 29. Kg1 Be4 30. Bxe4 dxe4 31. g3 Qh3 32. Ra4 Bd6 33. Rxc3 Nf6 34. Qf1 Qh5 35. Nc2 Ng4 36. Qg2 Rad8 37. Qh1 Qb5 38. Qh3 Qf5 39. Qf1 Qh5 40. Qg2 Re6 41. Qh1 Qb5 42. Qh4 Nf6 43. Bc1 Be7 44. Ba3 Nd5 45. Bxe7 Nxc3 46. Rb4 Qe2 47. Bxd8 Qxc2 48. Qh5 e3 49. Qxf7 exf2+ 50. Qxf2 Qd1+ 0-1

[Event "Chebanenco Memorial"]
[Site "Kishinev"]
[Date "2009.02.05"]
[Round "8"]
[White "Vavric, Pavel"]
[Black "Zhadko, Vladimir"]
[Result "1-0"]
[WhiteElo "2183"]
[BlackElo "2220"]
[PlyCount "107"]
[EventDate "2009.01.30"]
[EventType "tourn"]
[EventRounds "11"]
[EventCountry "MDA"]
[EventCategory "1"]
[SourceTitle "EXT 2010"]
[Source "ChessBase"]
[SourceDate "2010.11.25"]
[SourceVersion "1"]
[SourceVersionDate "2010.11.25"]
[SourceQuality "1"]

1. e4 e6 2. d4 d5 3. Nd2 Bd7 4. Bd3 Bc6 5. e5 a6 6. Qe2 Qd7 7. b3 Bb4 8. Bb2 Bb5 9. c4 Bc6 10. Ngf3 a5 11. 0-0 a4 12. a3 Bxd2 13. Nxd2 axb3 14. c5 Ba4 15. Rfb1 Nc6 16. Bc3 Nge7 17. Qg4 Ng6 18. Nxb3 0-0 19. Nd2 f5 20. Qf3 Nd8 21. Bb4 Ne7 22. Qe2 f4 23. Nf3 Nf7 24. Bd2 Nd8 25. g3 fxg3 26. hxg3 Nf5 27. g4 Ne7 28. Kg2 Ng6 29. Rh1 Rf4 30. Kg3 Re4 31. Bxe4 dxe4 32. Qxe4 Bc6 33. Qe3 Qd5 34. Rh2 Nf7 35. a4 Rf8 36. Ra3 Nh6 37. Ne1 Ne7 38. Rh5 Be8 39. Rxh6 gxh6 40. f3 Bg6 41. Ng2 Qd7 42. Nf4 Nd5 43. Nxd5 Qxd5 44. Qxh6 Qxd4 45. Qe3 Qd5 46. Bb4 Rd8 47. Be1 Kf7 48. a5 Ke8 49. Bf2 h5 50. Qg5 Bf7 51. Ra4 Qd1 52. Rf4 Qc2 53. Rxf7 h4+ 54. Qxh4 1-0

[Event "Chebanenco Memorial"]
[Site "Kishinev"]
[Date "2009.02.04"]
[Round "7"]
[White "Zhadko, Vladimir"]
[Black "Podgursky, Sten"]
[Result "1/2-1/2"]
[WhiteElo "2220"]
[BlackElo "2255"]
[PlyCount "113"]
[EventDate "2009.01.30"]
[EventType "tourn"]
[EventRounds "11"]
[EventCountry "MDA"]
[EventCategory "1"]
[SourceTitle "EXT 2010"]
[Source "ChessBase"]
[SourceDate "2010.11.25"]
[SourceVersion "1"]
[SourceVersionDate "2010.11.25"]
[SourceQuality "1"]

1. c4 Nf6 2. g3 e6 3. d3 d5 4. Nd2 c5 5. Ngf3 Nc6 6. Bg2 Be7 7. 0-0 0-0 8. b3 b6 9. Bb2 Qc7 10. cxd5 Nxd5 11. Rc1 Bb7 12. d4 Rad8 13. dxc5 Bxc5 14. Qc2 h6 15. a3 a5 16. Ne4 Be7 17. Ne5 Rc8 18. Qb1 Qd8 19. Nxc6 Rxc6 20. Rxc6 Bxc6 21. Qa1 f6 22. Rc1 Qd7 23. Rc2 Rd8 24. Nd2 Ba8 25. Qc1 b5 26. Nf1 Bd6 27. Bd4 e5 28. Bc5 Bxc5 29. Rxc5 b4 30. Qc4 bxa3 31. Ne3 a2 32. Rxa5 Kh8 33. Bxd5 Bxd5 34. Nxd5 Rc8 35. Nxf6 gxf6 36. Qa6 Rc1+ 37. Kg2 Kg7 38. Qa7 Rc7 39. Qa8 Rb7 40. Rxa2 Qd5+ 41. Kh3 Qd7+ 42. Kh4 h5 43. f3 Rb4+ 44. e4 Rb7 45. g4 Qe7 46. gxh5 f5+ 47. Kh3 Qf7 48. Kg2 fxe4 49. fxe4 Kh7 50. Qc8 Qg7+ 51. Kh1 Rd7 52. Qc2 Qg4 53. Ra1 Qf3+ 54. Qg2 Rd1+ 55. Rxd1 Qxd1+ 56. Qg1 Qf3+ 57. Qg2 1/2-1/2

[Event "Kishinev Independence Cup"]
[Site "Kishinev"]
[Date "2008.08.11"]
[Round "4"]
[White "Zhadko, Vladimir"]
[Black "Podgursky, Sten"]
[Result "1/2-1/2"]
[WhiteElo "2275"]
[BlackElo "2260"]
[PlyCount "34"]
[EventDate "2008.08.08"]
[EventType "tourn"]
[EventRounds "11"]
[EventCountry "MDA"]
[SourceTitle "EXT 2010"]
[Source "ChessBase"]
[SourceDate "2010.11.25"]
[SourceVersion "1"]
[SourceVersionDate "2010.11.25"]
[SourceQuality "1"]

1. e4 c5 2. g3 d5 3. exd5 Qxd5 4. Nf3 Nc6 5. Nc3 Qd7 6. Bg2 Nf6 7. 0-0 e6 8. d3 Be7 9. Bf4 0-0 10. Qd2 Rd8 11. Rae1 Ne8 12. Qc1 Nd6 13. a4 Nd4 14. Ne5 Qc7 15. Nc4 Rb8 16. Nb5 N4xb5 17. axb5 Bd7 1/2-1/2

[Event "Tiraspol Lutikov Memorial"]
[Site "Tiraspol"]
[Date "2008.04.04"]
[Round "7"]
[White "Podgursky, Sten"]
[Black "Zhadko, Vladimir"]
[Result "1/2-1/2"]
[WhiteElo "2217"]
[BlackElo "2248"]
[PlyCount "34"]
[EventDate "2008.03.31"]
[EventType "tourn"]
[EventRounds "9"]
[EventCountry "MDA"]
[EventCategory "2"]
[SourceTitle "EXT 2009"]
[Source "ChessBase"]
[SourceDate "2008.11.26"]
[SourceVersion "1"]
[SourceVersionDate "2008.11.26"]
[SourceQuality "1"]

1. e4 e5 2. Nf3 Nf6 3. Nxe5 d6 4. Nf3 Nxe4 5. Qe2 Qe7 6. d3 Nf6 7. Bg5 Qxe2+ 8. Bxe2 Be7 9. Nc3 c6 10. Ne4 Nbd7 11. Bf4 Nxe4 12. dxe4 Nf6 13. e5 Nd5 14. Bd2 dxe5 15. Nxe5 Bf6 16. Nd3 Bf5 17. 0-0-0 0-0-0 1/2-1/2

[Event "Tiraspol Lutikov Memorial"]
[Site "Tiraspol"]
[Date "2008.04.02"]
[Round "4"]
[White "Zhadko, Vladimir"]
[Black "Rakhmangulov, Andrei"]
[Result "0-1"]
[WhiteElo "2248"]
[BlackElo "2318"]
[PlyCount "90"]
[EventDate "2008.03.31"]
[EventType "tourn"]
[EventRounds "9"]
[EventCountry "MDA"]
[EventCategory "2"]
[SourceTitle "EXT 2009"]
[Source "ChessBase"]
[SourceDate "2008.11.26"]
[SourceVersion "1"]
[SourceVersionDate "2008.11.26"]
[SourceQuality "1"]

1. e4 g6 2. Nc3 Bg7 3. h4 c5 4. h5 Nc6 5. Nge2 g5 6. d3 h6 7. Be3 Nd4 8. Qd2 e6 9. Nd1 d5 10. f3 Ne7 11. Nc1 b6 12. c3 Ndc6 13. Bf2 Ba6 14. Nb3 dxe4 15. dxe4 Bxf1 16. Qxd8+ Rxd8 17. Rxf1 Ne5 18. Ke2 Nc4 19. Rb1 f5 20. Ne3 Nxe3 21. Bxe3 fxe4 22. fxe4 Ng8 23. Nd2 Nf6 24. Rh1 Ke7 25. a4 Rd7 26. a5 Rhd8 27. axb6 axb6 28. Ra1 Ng4 29. Nf1 Be5 30. Rh3 Nxe3 31. Nxe3 Rd2+ 32. Kf1 b5 33. Ra7+ R8d7 34. Rxd7+ Kxd7 35. Ng4 Bg7 36. c4 bxc4 37. Ra3 Bxb2 38. Ra7+ Kc6 39. Ke1 Rxg2 40. Ne3 c3 41. Nxg2 c2 42. Ra1 Bxa1 43. Kd2 Bd4 44. Kxc2 c4 45. Ne1 g4 0-1

[Event "Tiraspol Lutikov Memorial"]
[Site "Tiraspol"]
[Date "2008.03.14"]
[Round "1"]
[White "Turta, Vladimir"]
[Black "Zhadko, Vladimir"]
[Result "1/2-1/2"]
[WhiteElo "2228"]
[BlackElo "2248"]
[PlyCount "90"]
[EventDate "2008.03.31"]
[EventType "tourn"]
[EventRounds "9"]
[EventCountry "MDA"]
[EventCategory "2"]
[SourceTitle "EXT 2009"]
[Source "ChessBase"]
[SourceDate "2008.11.26"]
[SourceVersion "1"]
[SourceVersionDate "2008.11.26"]
[SourceQuality "1"]

1. Nf3 d6 2. d4 Bg4 3. e4 Nd7 4. Bc4 e6 5. 0-0 a6 6. Re1 Be7 7. a4 c6 8. Bd3 Bf6 9. c3 e5 10. Be3 Ne7 11. Nbd2 0-0 12. Qc2 Bh5 13. h3 Bg6 14. dxe5 Bxe5 15. Nc4 a5 16. Nfxe5 Nxe5 17. Nxe5 dxe5 18. Red1 b6 19. Qb3 Rb8 20. f4 exf4 21. Bxf4 Rb7 22. Be2 Qa8 23. Bf3 Kh8 24. Rd6 f6 25. Rad1 Bf7 26. Qc2 Ng6 27. Bg3 Re7 28. R1d2 Ne5 29. Bxe5 Rxe5 30. Qd1 Be8 31. Rd8 Qa6 32. R2d6 b5 33. axb5 Qxb5 34. Qd2 h5 35. Rc8 Kh7 36. Rdd8 c5 37. Qd6 Rf7 38. Rb8 Qa4 39. Bxh5 Rxh5 40. Rxe8 Rd7 41. Qe6 Qd1+ 42. Kh2 Rg5 43. Rh8+ Kg6 44. Qe8+ Rf7 45. Rf8 Rxg2+ 1/2-1/2

[Event "Kishinev ULIM op"]
[Site "Kishinev"]
[Date "2007.10.10"]
[Round "5"]
[White "Zhadko, Vladimir"]
[Black "Pimenov, Revolt"]
[Result "0-1"]
[WhiteElo "2262"]
[BlackElo "2139"]
[PlyCount "98"]
[EventDate "2007.10.06"]
[EventType "swiss"]
[EventRounds "9"]
[EventCountry "MDA"]
[SourceTitle "EXT 2008"]
[Source "ChessBase"]
[SourceDate "2007.11.25"]
[SourceVersion "1"]
[SourceVersionDate "2007.11.25"]
[SourceQuality "1"]

1. e4 e6 2. d4 d5 3. exd5 exd5 4. Nf3 Nf6 5. Bg5 Be7 6. Bd3 Bg4 7. Nbd2 0-0 8. 0-0 Nbd7 9. c3 c6 10. Qc2 h6 11. Be3 Bd6 12. h3 Be6 13. Rae1 Re8 14. Ne5 Bxe5 15. dxe5 Nxe5 16. Be2 Qd7 17. g4 Nc4 18. Bf4 Nxd2 19. Qxd2 d4 20. cxd4 Bxa2 21. Bd3 Rxe1 22. Rxe1 Re8 23. Be5 Qe6 24. Bf5 Qd5 25. g5 Qf3 26. Re3 Qxf5 27. gxf6 Qg5+ 28. Kh2 Bd5 29. f4 Qf5 30. Rg3 g6 31. Qd3 Qxd3 32. Rxd3 a5 33. Ra3 Ra8 34. Bc7 a4 35. Re3 Be6 36. h4 Kf8 37. h5 gxh5 38. Re5 Bg4 39. Kg3 Kg8 40. Ra5 Rxa5 41. Bxa5 Kh7 42. Bb4 Kg6 43. Bf8 Kxf6 44. Bxh6 Kf5 45. Bf8 b6 46. Bd6 Ke4 47. Bc7 b5 48. Bb6 Kd3 49. Kh4 Kc2 0-1

[Event "Tiraspol Lutikov Memorial"]
[Site "Tiraspol"]
[Date "2007.03.26"]
[Round "5"]
[White "Zhadko, Vladimir"]
[Black "Romcovici, Victor"]
[Result "1/2-1/2"]
[WhiteElo "2255"]
[BlackElo "2288"]
[PlyCount "40"]
[EventDate "2007.03.23"]
[EventType "tourn"]
[EventRounds "9"]
[EventCountry "MDA"]
[EventCategory "1"]
[SourceTitle "EXT 2010"]
[Source "ChessBase"]
[SourceDate "2010.11.25"]
[SourceVersion "1"]
[SourceVersionDate "2010.11.25"]
[SourceQuality "1"]

1. d4 f5 2. Nf3 Nf6 3. g3 e6 4. Bg2 d5 5. 0-0 c5 6. c4 Nc6 7. cxd5 Nxd5 8. Nc3 Nxd4 9. Nxd4 Nxc3 10. bxc3 cxd4 11. cxd4 Bd6 12. e4 0-0 13. exf5 exf5 14. Rb1 f4 15. Bxb7 Bxb7 16. Rxb7 Qc8 17. Rb3 Qc4 18. Qd3 Rac8 19. Qxc4+ Rxc4 20. Rb7 Rf7 1/2-1/2

[Event "Tiraspol Lutikov Memorial"]
[Site "Tiraspol"]
[Date "2007.03.24"]
[Round "2"]
[White "Gladischev, Oleg"]
[Black "Zhadko, Vladimir"]
[Result "1/2-1/2"]
[WhiteElo "2343"]
[BlackElo "2255"]
[PlyCount "23"]
[EventDate "2007.03.23"]
[EventType "tourn"]
[EventRounds "9"]
[EventCountry "MDA"]
[EventCategory "1"]
[SourceTitle "EXT 2010"]
[Source "ChessBase"]
[SourceDate "2010.11.25"]
[SourceVersion "1"]
[SourceVersionDate "2010.11.25"]
[SourceQuality "1"]

1. c4 c5 2. Nf3 Nc6 3. g3 g6 4. Bg2 Bg7 5. 0-0 Nf6 6. Nc3 0-0 7. b3 b6 8. Bb2 Bb7 9. d4 cxd4 10. Nxd4 Qc8 11. Nxc6 dxc6 12. e4 1/2-1/2

[Event "Chebanenco Memorial"]
[Site "Kishinev"]
[Date "2007.03.18"]
[Round "11"]
[White "Zhadko, Vladimir"]
[Black "Partac, Elena"]
[Result "1-0"]
[WhiteElo "2255"]
[BlackElo "2137"]
[PlyCount "69"]
[EventDate "2007.03.10"]
[EventType "tourn"]
[EventRounds "13"]
[EventCountry "MDA"]
[SourceTitle "EXT 2010"]
[Source "ChessBase"]
[SourceDate "2010.11.25"]
[SourceVersion "1"]
[SourceVersionDate "2010.11.25"]
[SourceQuality "1"]

1. d3 c5 2. g3 Nc6 3. Bg2 g6 4. Nd2 Bg7 5. a3 d6 6. Rb1 Be6 7. b4 cxb4 8. axb4 a5 9. b5 Nb4 10. Bb2 Bxb2 11. Rxb2 Qc7 12. c4 d5 13. Qa4 Nxd3+ 14. exd3 Qe5+ 15. Ne2 Qxb2 16. Nf4 Nf6 17. Nxe6 fxe6 18. b6+ Kf7 19. c5 Qc3 20. Qf4 Qxc5 21. 0-0 Qxb6 22. Rb1 Qa6 23. Nf3 Rhc8 24. Bh3 Kg7 25. Nd4 h6 26. Qe3 Rc3 27. Nxe6+ Kh7 28. Nf8+ Rxf8 29. Qxe7+ Kh8 30. Qxf8+ Ng8 31. Qb8 Rc2 32. Rxb7 a4 33. Rf7 Rc1+ 34. Kg2 Re1 35. Qf8 1-0

[Event "Chebanenco Memorial"]
[Site "Kishinev"]
[Date "2007.03.17"]
[Round "10"]
[White "Bargan, Sergei"]
[Black "Zhadko, Vladimir"]
[Result "1-0"]
[WhiteElo "2349"]
[BlackElo "2255"]
[PlyCount "37"]
[EventDate "2007.03.10"]
[EventType "tourn"]
[EventRounds "13"]
[EventCountry "MDA"]
[SourceTitle "EXT 2010"]
[Source "ChessBase"]
[SourceDate "2010.11.25"]
[SourceVersion "1"]
[SourceVersionDate "2010.11.25"]
[SourceQuality "1"]

1. e4 c5 2. Nf3 e6 3. d4 cxd4 4. Nxd4 Nc6 5. Be3 Qc7 6. Nc3 a6 7. Bd3 Nf6 8. 0-0 Nxd4 9. Bxd4 Bc5 10. Bxc5 Qxc5 11. Qd2 0-0 12. Rae1 d6 13. Re3 b5 14. Rg3 Bb7 15. e5 dxe5 16. Rxg7+ Kxg7 17. Qg5+ Kh8 18. Qxf6+ Kg8 19. Re1 1-0